[Event "Belgrade-chT Quality"]
[Site "Belgrade"]
[Date "2021.11.13"]
[Round "9.4"]
[White "Mijailovic, Luka"]
[Black "Katanic Vujic, Petar"]
[Result "0-1"]
[WhiteElo "1688"]
[BlackElo "2275"]
[PlyCount "124"]
[EventDate "2021.10.16"]
[EventType "team-tourn"]
[EventRounds "11"]
[EventCountry "SRB"]
[SourceTitle "EXT 2023"]
[Source "ChessBase"]
[SourceDate "2022.10.05"]
[SourceVersion "1"]
[SourceVersionDate "2022.10.05"]
[SourceQuality "1"]
[WhiteTeam "Belgrade Zemun"]
[BlackTeam "Belgrade Vodovod"]
[WhiteTeamCountry "SRB"]
[BlackTeamCountry "SRB"]

1. e4 c5 2. Nf3 Nc6 3. d4 cxd4 4. Nxd4 Qb6 5. Nb3 Nf6 6. Nc3 e6 7. Be3 Qc7 8. Be2 Bb4 9. Qd3 d5 10. exd5 Nxd5 11. Bd2 Nxc3 12. Bxc3 Qe5 13. Bxb4 Nxb4 14. Qb5+ Qxb5 15. Bxb5+ Ke7 16. Nd4 Rd8 17. c3 Rxd4 18. cxd4 Nc2+ 19. Kd2 Nxa1 20. Rxa1 Kd6 21. Rc1 a6 22. Bd3 h6 23. Be4 Rb8 24. Rc3 Bd7 25. Rg3 f5 26. Bc2 g5 27. Re3 h5 28. Bb3 h4 29. Re5 Rh8 30. Ke3 Rh6 31. g3 hxg3 32. hxg3 Rh1 33. Kd3 Rf1 34. Re2 b5 35. Kc3 a5 36. a3 Rc1+ 37. Kd2 Rf1 38. Kc3 f4 39. gxf4 gxf4 40. Kd3 f3 41. Rc2 Re1 42. Kd2 Rb1 43. Ke3 a4 44. Ba2 Ra1 45. b4 axb3 46. Bxb3 Rxa3 47. Rb2 Bc6 48. Kf4 Ra1 49. Bc2 Ra3 50. Be4 Ra4 51. Ke3 b4 52. Bc2 Ra3+ 53. Kf4 Rc3 54. Be4 b3 55. Bb1 Bd5 56. Bh7 Kc6 57. Be4 Kb5 58. Bb1 Kb4 59. Bh7 Rc1 60. Ke3 Kc3 61. Rb1 b2 62. Bg6 Ba2 0-1

[Event "Belgrade-chT Quality"]
[Site "Belgrade"]
[Date "2021.10.17"]
[Round "2.4"]
[White "Lorens Ristovic, Lami M"]
[Black "Katanic Vujic, Petar"]
[Result "1/2-1/2"]
[WhiteElo "2051"]
[BlackElo "2275"]
[PlyCount "30"]
[EventDate "2021.10.16"]
[EventType "team-tourn"]
[EventRounds "11"]
[EventCountry "SRB"]
[SourceTitle "EXT 2023"]
[Source "ChessBase"]
[SourceDate "2022.10.05"]
[SourceVersion "1"]
[SourceVersionDate "2022.10.05"]
[SourceQuality "1"]
[WhiteTeam "Belgrade Cirilo i Metodije"]
[BlackTeam "Belgrade Vodovod"]
[WhiteTeamCountry "SRB"]
[BlackTeamCountry "SRB"]

1. c4 c5 2. e4 Nc6 3. Nf3 g6 4. d4 cxd4 5. Nxd4 Bg7 6. Nxc6 bxc6 7. Nc3 d6 8. Be2 Nf6 9. 0-0 0-0 10. Be3 Nd7 11. Rc1 c5 12. Qd2 Ne5 13. Bh6 Nc6 14. Bxg7 Kxg7 15. f4 Nd4 1/2-1/2

[Event "Belgrade-chT"]
[Site "Belgrade"]
[Date "2019.09.28"]
[Round "6.1"]
[White "Savic, Mihailo S"]
[Black "Katanic Vujic, Petar"]
[Result "1/2-1/2"]
[WhiteElo "2094"]
[BlackElo "2304"]
[PlyCount "48"]
[EventDate "2019.09.23"]
[EventType "team-tourn"]
[EventRounds "11"]
[EventCountry "SRB"]
[SourceTitle "EXT 2020"]
[Source "ChessBase"]
[SourceDate "2019.10.17"]
[SourceVersion "1"]
[SourceVersionDate "2019.10.17"]
[SourceQuality "1"]
[WhiteTeam "Belgrade"]
[BlackTeam "Belgrade Vodovod"]
[WhiteTeamCountry "SRB"]
[BlackTeamCountry "SRB"]

1. e4 e6 2. d4 d5 3. Nc3 Nc6 4. e5 Nge7 5. Nf3 Bd7 6. Ne2 Na5 7. Nf4 Bc6 8. Bd3 Qd7 9. Qe2 0-0-0 10. b3 b6 11. Bd2 Bb7 12. Bxa5 bxa5 13. Bb5 c6 14. Bd3 Ng6 15. Nh5 Bb4+ 16. Kf1 Bc3 17. Rb1 Rhg8 18. g3 c5 19. Kg2 cxd4 20. a3 Kb8 21. b4 a4 22. Rhd1 Qc7 23. h4 Rdf8 24. Bb5 d3 1/2-1/2

[Event "Belgrade-chT Quality"]
[Site "Belgrade"]
[Date "2018.09.28"]
[Round "11.5"]
[White "Katanic Vujic, Petar"]
[Black "Stankovic, Boris"]
[Result "1-0"]
[WhiteElo "2303"]
[BlackElo "1756"]
[PlyCount "121"]
[EventDate "2018.09.17"]
[EventType "team-tourn"]
[EventRounds "11"]
[EventCountry "SRB"]
[SourceTitle "CBM 186 Extra"]
[Source "ChessBase"]
[SourceDate "2018.08.24"]
[SourceVersion "1"]
[SourceVersionDate "2018.08.24"]
[SourceQuality "1"]
[WhiteTeam "Belgrade Vodovod"]
[BlackTeam "Belgrade Radnicki"]
[WhiteTeamCountry "SRB"]
[BlackTeamCountry "SRB"]

1. Nf3 Nf6 2. c4 c6 3. g3 g6 4. Bg2 Bg7 5. 0-0 0-0 6. Qc2 d5 7. d3 Re8 8. h3 e5 9. e4 dxe4 10. dxe4 Nbd7 11. Be3 Qe7 12. Nbd2 b6 13. Rfc1 Bb7 14. c5 Nxc5 15. Bxc5 Qxc5 16. Qxc5 bxc5 17. Rxc5 Rad8 18. Re1 Bf8 19. Rc2 c5 20. Bf1 Bh6 21. h4 Bxd2 22. Nxd2 Rd4 23. f3 Rc8 24. Rec1 Nh5 25. Kf2 f5 26. exf5 gxf5 27. Nb3 Rd7 28. Nxc5 Rg7 29. Bc4+ Kh8 30. Nxb7 Rxb7 31. Be6 Rxc2+ 32. Rxc2 f4 33. g4 Ng3 34. Bd5 Rd7 35. Rc5 h5 36. gxh5 Nxh5 37. Ke1 Ng3 38. Be6 Re7 39. Rc6 Kg7 40. Rd6 e4 41. fxe4 Nxe4 42. Rd7 Rxd7 43. Bxd7 Kf6 44. Bc6 Nd6 45. Bd7 Nc4 46. Bb5 Ne3 47. h5 Nf5 48. Bd3 Nh6 49. Be2 Ke5 50. Bf3 Kd4 51. Kf2 a5 52. Bc6 Ng4+ 53. Kf3 Ne5+ 54. Kxf4 Nxc6 55. h6 Ne7 56. h7 Ng6+ 57. Kf5 Nh8 58. Kf6 Kd3 59. Kg7 Kc2 60. Kxh8 Kxb2 61. a4 1-0

[Event "Belgrade-chT Quality"]
[Site "Belgrade"]
[Date "2018.09.26"]
[Round "9.3"]
[White "Katanic Vujic, Petar"]
[Black "Nikolajevic, Branislav"]
[Result "1/2-1/2"]
[WhiteElo "2303"]
[BlackElo "2132"]
[PlyCount "34"]
[EventDate "2018.09.17"]
[EventType "team-tourn"]
[EventRounds "11"]
[EventCountry "SRB"]
[SourceTitle "CBM 186 Extra"]
[Source "ChessBase"]
[SourceDate "2018.08.24"]
[SourceVersion "1"]
[SourceVersionDate "2018.08.24"]
[SourceQuality "1"]
[WhiteTeam "Belgrade Vodovod"]
[BlackTeam "MZ Cirilo i Metodije"]
[WhiteTeamCountry "SRB"]
[BlackTeamCountry "SRB"]

1. Nf3 b6 2. g3 Bb7 3. Bg2 e5 4. 0-0 d6 5. c4 Nf6 6. Nc3 Nbd7 7. d4 Be7 8. Re1 0-0 9. Nxe5 Bxg2 10. Nxd7 Qxd7 11. Kxg2 Qc6+ 12. e4 Qxc4 13. Be3 c5 14. Rc1 Qa6 15. Qf3 Qb7 16. g4 Qd7 17. g5 Ng4 1/2-1/2

[Event "Belgrade-chT"]
[Site "Belgrade"]
[Date "2016.10.09"]
[Round "2.7"]
[White "Katanic Vujic, Petar"]
[Black "Radivojevic, Milan R"]
[Result "1-0"]
[WhiteElo "2319"]
[BlackElo "2298"]
[PlyCount "87"]
[EventDate "2016.10.08"]
[EventType "team-tourn"]
[EventRounds "13"]
[EventCountry "SRB"]
[SourceTitle "EXT 2017"]
[Source "ChessBase"]
[SourceDate "2016.10.25"]
[SourceVersion "1"]
[SourceVersionDate "2016.10.25"]
[SourceQuality "1"]
[WhiteTeam "Belgrade Vodovod"]
[BlackTeam "Grocka"]
[WhiteTeamCountry "SRB"]
[BlackTeamCountry "SRB"]

1. Nf3 Nf6 2. c4 d6 3. d4 Nbd7 4. Nc3 e5 5. Bg5 Be7 6. e3 c6 7. Bd3 0-0 8. Qc2 Qc7 9. Bxh7+ Nxh7 10. Bxe7 Re8 11. Bh4 exd4 12. Nxd4 Ne5 13. b3 Bg4 14. h3 Bh5 15. 0-0 f6 16. Rae1 Nf8 17. e4 Ne6 18. Nxe6 Rxe6 19. f3 a5 20. Rd1 Be8 21. Bf2 b6 22. Qd2 Qb7 23. Ne2 Nf7 24. Nd4 Re5 25. Bg3 Rg5 26. Bf4 Rh5 27. Nf5 Rd8 28. Qe3 d5 29. g4 Rxh3 30. Kg2 Rh7 31. exd5 cxd5 32. Rxd5 Bc6 33. Ne7+ Kf8 34. Nxc6 Qxc6 35. Re1 Rc8 36. Qe7+ Kg8 37. Qe6 g5 38. Rd8+ Rxd8 39. Qxc6 gxf4 40. Re8+ Rxe8 41. Qxe8+ Kg7 42. Qe4 Ne5 43. Qxf4 Rh8 44. g5 1-0

[Event "Belgrade-chT"]
[Site "Belgrade"]
[Date "2014.09.22"]
[Round "3.6"]
[White "Skaric, Djuro"]
[Black "Katanic Vujic, Petar"]
[Result "0-1"]
[WhiteElo "2278"]
[BlackElo "2321"]
[PlyCount "44"]
[EventDate "2014.09.20"]
[EventType "team-tourn"]
[EventRounds "11"]
[EventCountry "SRB"]
[SourceTitle "CBM 162 Extra"]
[Source "ChessBase"]
[SourceDate "2014.10.17"]
[SourceVersion "1"]
[SourceVersionDate "2014.10.17"]
[SourceQuality "1"]
[WhiteTeam "Belgrade Sigurnost"]
[BlackTeam "Belgrade Vodovod"]
[WhiteTeamCountry "SRB"]
[BlackTeamCountry "SRB"]

1. e4 e6 2. d4 d5 3. Nc3 Nc6 4. e5 Nge7 5. f4 Nf5 6. Nf3 h5 7. a3 Be7 8. g3 Na5 9. Bd3 g6 10. Qe2 b6 11. Be3 c5 12. dxc5 Nxe3 13. Qxe3 Bxc5 14. Qd2 Rb8 15. b3 Qc7 16. Nb5 Qc6 17. Nd6+ Bxd6 18. exd6 Qxd6 19. Ne5 Ba6 20. b4 Bxd3 21. cxd3 Nc6 22. Nf3 0-0 0-1

[Event "Belgrade-chT"]
[Site "Belgrade"]
[Date "2013.10.19"]
[Round "8.3"]
[White "Pucarevic, Milenko"]
[Black "Katanic Vujic, Petar"]
[Result "1/2-1/2"]
[WhiteElo "2198"]
[BlackElo "2326"]
[PlyCount "111"]
[EventDate "2013.10.12"]
[EventType "team-tourn"]
[EventRounds "11"]
[EventCountry "SRB"]
[SourceTitle "EXT 2014"]
[Source "ChessBase"]
[SourceDate "2013.11.20"]
[SourceVersion "1"]
[SourceVersionDate "2013.11.20"]
[SourceQuality "1"]
[WhiteTeam "Romanticari"]
[BlackTeam "Belgrade Vodovod"]
[WhiteTeamCountry "SRB"]
[BlackTeamCountry "SRB"]

1. Nf3 Nf6 2. g3 c5 3. Bg2 Nc6 4. 0-0 g6 5. b3 Bg7 6. Bb2 d6 7. c4 e5 8. d3 0-0 9. Na3 Nh5 10. Rb1 f5 11. e3 f4 12. Nd2 Nf6 13. Nc2 Bf5 14. e4 Be6 15. b4 Qd7 16. b5 Ne7 17. gxf4 Nh5 18. f5 Bf7 19. f4 gxf5 20. fxe5 dxe5 21. exf5 Nxf5 22. Ne4 Nf4 23. Rxf4 exf4 24. Bxg7 Kxg7 25. Nxc5 Qe7 26. Nxb7 Nh4 27. Be4 Bg6 28. Bd5 f3 29. Kh1 Rf5 30. Qe1 Re5 31. Qc3 Qf6 32. Rf1 Rxd5 33. Qxf6+ Kxf6 34. cxd5 Bxd3 35. Rf2 Re8 36. Nd6 Rd8 37. Ne1 Rxd6 38. Nxd3 Rxd5 39. Ne1 Rxb5 40. Nxf3 Rf5 41. Nd2 Rxf2 42. Ne4+ Ke5 43. Nxf2 Kd4 44. Kg1 Kc3 45. Ne4+ Kb2 46. a4 Kb3 47. a5 Kb4 48. a6 Kb5 49. Kf2 Kxa6 50. Nf6 Kb5 51. Nxh7 a5 52. Ke2 Kb4 53. Kd1 Kb3 54. Nf6 a4 55. Ne4 a3 56. Nd2+ 1/2-1/2

[Event "SRB-chT"]
[Site "Belgrade"]
[Date "2010.10.02"]
[Round "2"]
[White "Peovic, Milos"]
[Black "Katanic Vujic, Petar"]
[Result "1/2-1/2"]
[WhiteElo "2222"]
[BlackElo "2327"]
[PlyCount "62"]
[EventDate "2010.10.01"]
[EventType "team-tourn"]
[EventRounds "11"]
[EventCountry "YUG"]
[SourceTitle "CBM 138 Extra"]
[Source "ChessBase"]
[SourceDate "2010.10.29"]
[SourceVersion "1"]
[SourceVersionDate "2010.10.29"]
[SourceQuality "1"]

1. e4 e6 2. d4 d5 3. Nc3 Nc6 4. e5 Bd7 5. a3 Qe7 6. Nf3 f6 7. exf6 gxf6 8. Bf4 0-0-0 9. Qd2 Qg7 10. 0-0-0 Nge7 11. Re1 Kb8 12. Kb1 Ng6 13. Bg3 h5 14. h4 Qf7 15. Nb5 Rc8 16. Bd3 Bh6 17. Bxg6 Qxg6 18. Qe2 Rhe8 19. Nc3 Ne7 20. Qd1 Nf5 21. Ne2 Nxg3 22. Nxg3 c5 23. Qd3 Qf7 24. dxc5 Rxc5 25. Nd4 Bf4 26. Qf3 e5 27. Qxh5 Qg8 28. Ndf5 Rf8 29. Ne7 Qg7 30. Nef5 Qg8 31. Ne7 Qg7 1/2-1/2

[Event "SRB-chT 1st League"]
[Site "Vrnjacka Banja"]
[Date "2009.09.22"]
[Round "5"]
[White "Katanic Vujic, Petar"]
[Black "Tomic, Miroslav"]
[Result "1/2-1/2"]
[WhiteElo "2334"]
[BlackElo "2050"]
[PlyCount "55"]
[EventDate "2009.09.19"]
[EventType "team-swiss"]
[EventRounds "11"]
[EventCountry "YUG"]
[SourceTitle "CBM 132 Extra"]
[Source "ChessBase"]
[SourceDate "2009.11.03"]
[SourceVersion "1"]
[SourceVersionDate "2009.11.03"]
[SourceQuality "1"]

1. Nf3 d5 2. c4 c6 3. d4 Nf6 4. Qc2 e6 5. g3 Bd6 6. Bg2 Nbd7 7. Nbd2 0-0 8. 0-0 b6 9. e4 dxe4 10. Ng5 Bb7 11. Ndxe4 Be7 12. Rd1 Qc8 13. Bf4 h6 14. Nf3 Nxe4 15. Qxe4 Nf6 16. Qe2 Rd8 17. h4 Bd6 18. Ne5 Rb8 19. Bh3 Ra8 20. Rac1 Bc7 21. Rc2 Nd7 22. Rcd2 Nxe5 23. Bxe5 Bxe5 24. dxe5 Rxd2 25. Qxd2 c5 26. Qd6 Qc6 27. Qxc6 Bxc6 28. Bg2 1/2-1/2

[Event "Bar op-A"]
[Site "Bar"]
[Date "2008.04.05"]
[Round "8"]
[White "Rusev, Krasimir"]
[Black "Katanic Vujic, Petar"]
[Result "1-0"]
[WhiteElo "2521"]
[BlackElo "2320"]
[PlyCount "37"]
[EventDate "2008.03.29"]
[EventType "swiss"]
[EventRounds "9"]
[EventCountry "YUG"]
[SourceTitle "CBM 123 Extra"]
[Source "ChessBase"]
[SourceDate "2008.05.06"]
[SourceVersion "1"]
[SourceVersionDate "2008.05.06"]
[SourceQuality "1"]

1. d4 Nf6 2. c4 g6 3. Nc3 Bg7 4. e4 d6 5. Be2 0-0 6. Bg5 a6 7. Qd2 c5 8. d5 b5 9. Bd3 bxc4 10. Bxc4 Nbd7 11. h4 Rb8 12. Nf3 Rxb2 13. Qxb2 Nxe4 14. Bd2 Nb6 15. Qb3 e6 16. Nxe4 exd5 17. Bxd5 Nxd5 18. Qxd5 Bxa1 19. 0-0 1-0

[Event "Bar op-A"]
[Site "Bar"]
[Date "2008.04.01"]
[Round "4"]
[White "Lekic, Dusan"]
[Black "Katanic Vujic, Petar"]
[Result "0-1"]
[WhiteElo "2386"]
[BlackElo "2320"]
[PlyCount "140"]
[EventDate "2008.03.29"]
[EventType "swiss"]
[EventRounds "9"]
[EventCountry "YUG"]
[SourceTitle "CBM 123 Extra"]
[Source "ChessBase"]
[SourceDate "2008.05.06"]
[SourceVersion "1"]
[SourceVersionDate "2008.05.06"]
[SourceQuality "1"]

1. d4 Nf6 2. c4 g6 3. Nc3 Bg7 4. e4 d6 5. Nf3 0-0 6. Be2 Bg4 7. Be3 Nc6 8. Ng1 Bc8 9. d5 Ne5 10. h3 c6 11. Nf3 Nxf3+ 12. Bxf3 cxd5 13. cxd5 Bd7 14. a4 Qa5 15. 0-0 Rfc8 16. Qb3 Qd8 17. Rfc1 b6 18. Be2 Rc7 19. Qb4 Be8 20. Rc2 Nd7 21. Rac1 a5 22. Qa3 Nc5 23. Nb5 Bxb5 24. Bxb5 Raa7 25. b4 axb4 26. Qxb4 Qf8 27. g4 Qc8 28. f3 Qd8 29. Qb1 Qf8 30. Rc4 e6 31. dxe6 fxe6 32. Kg2 Be5 33. Rf1 Bf4 34. Bg1 Qf6 35. Qa2 Rc8 36. Bd4 Qh4 37. Qf2 Qxf2+ 38. Bxf2 Kf7 39. Rd1 Ke7 40. Bg3 Bxg3 41. Kxg3 e5 42. Rb1 Rcc7 43. Rbc1 Ne6 44. Rc6 Rab7 45. h4 Nc5 46. Rb1 Ne6 47. Rbc1 Nc5 48. g5 Rxc6 49. Bxc6 Rc7 50. Bb5 Ne6 51. Rxc7+ Nxc7 52. Bc4 Ne6 53. Kf2 Nf4 54. Bf1 Kf7 55. Ke3 Kg7 56. Kd2 h6 57. Kc3 hxg5 58. hxg5 Ne6 59. Kc4 Nc7 60. Kb4 Kf8 61. Bc4 Ke7 62. Ba2 Kf8 63. Bd5 Ke7 64. Bc4 Kf8 65. a5 bxa5+ 66. Kxa5 Ne8 67. Kb6 Ng7 68. Kc6 Ke7 69. Bf1 Ne6 70. Bh3 Nd4+ 0-1

[Event "Bar op"]
[Site "Bar"]
[Date "2007.04.05"]
[Round "7"]
[White "Katanic Vujic, Petar"]
[Black "Musovic, Armin"]
[Result "1-0"]
[WhiteElo "2323"]
[BlackElo "2074"]
[PlyCount "51"]
[EventDate "2007.03.30"]
[EventType "swiss"]
[EventRounds "9"]
[EventCountry "YUG"]
[SourceTitle "CBM 117 Extra"]
[Source "ChessBase"]
[SourceDate "2007.05.09"]
[SourceVersion "1"]
[SourceVersionDate "2007.05.09"]
[SourceQuality "1"]

1. Nf3 c6 2. c4 Nf6 3. d4 d5 4. Qc2 e6 5. g3 Bd6 6. Bg2 Nbd7 7. Nbd2 h6 8. 0-0 0-0 9. b3 Re8 10. Bb2 b6 11. e4 Nxe4 12. Nxe4 dxe4 13. Qxe4 Bb7 14. Rad1 Qc7 15. Rfe1 Rad8 16. Bc3 c5 17. Qe2 Bf8 18. Rd2 a6 19. Red1 cxd4 20. Nxd4 Bxg2 21. Kxg2 b5 22. Ba5 Qb7+ 23. Qf3 Rb8 24. Nc6 Nb6 25. Nxb8 Qxb8 26. Qc6 1-0

[Event "Bar op"]
[Site "Bar"]
[Date "2007.04.04"]
[Round "6"]
[White "Milovic, Aleksandra"]
[Black "Katanic Vujic, Petar"]
[Result "1/2-1/2"]
[WhiteElo "2157"]
[BlackElo "2323"]
[PlyCount "60"]
[EventDate "2007.03.30"]
[EventType "swiss"]
[EventRounds "9"]
[EventCountry "YUG"]
[SourceTitle "CBM 117 Extra"]
[Source "ChessBase"]
[SourceDate "2007.05.09"]
[SourceVersion "1"]
[SourceVersionDate "2007.05.09"]
[SourceQuality "1"]

1. e4 c6 2. d4 d5 3. Nc3 g6 4. Nf3 Bg7 5. Bg5 Bg4 6. Be2 Nf6 7. e5 Ne4 8. Be3 Nxc3 9. bxc3 f6 10. exf6 exf6 11. Qd2 Nd7 12. 0-0 0-0 13. Rfe1 Nb6 14. Bh6 Qd7 15. Bxg7 Kxg7 16. h3 Bxf3 17. Bxf3 Rae8 18. Rxe8 Rxe8 19. Re1 Nc4 20. Qd1 Re7 21. Rxe7+ Qxe7 22. Be2 Nb2 23. Qd2 b5 24. Bf1 Na4 25. h4 Nb6 26. Qf4 Nc8 27. Qb8 Nd6 28. Qa8 Qd7 29. Bd3 Ne4 30. Bxe4 dxe4 1/2-1/2

[Event "Senta op-A 10th"]
[Site "Senta"]
[Date "2006.07.21"]
[Round "1"]
[White "Petrusic, Goran"]
[Black "Katanic Vujic, Petar"]
[Result "0-1"]
[WhiteElo "2020"]
[BlackElo "2293"]
[PlyCount "147"]
[EventDate "2006.07.21"]
[EventType "swiss"]
[EventRounds "9"]
[EventCountry "YUG"]
[SourceTitle "CBM 113 Extra"]
[Source "ChessBase"]
[SourceDate "2006.09.14"]
[SourceVersion "1"]
[SourceVersionDate "2006.09.14"]
[SourceQuality "1"]

1. e4 e6 2. d4 d5 3. e5 c5 4. c3 Qb6 5. Qb3 Nc6 6. dxc5 Bxc5 7. Qxb6 Bxb6 8. Nf3 Nge7 9. Bf4 Ng6 10. Bg3 Bc7 11. Bb5 Bd7 12. Bxc6 bxc6 13. 0-0 c5 14. Na3 Ke7 15. Rfe1 Rhb8 16. b3 a5 17. Nc2 Bb5 18. Rad1 a4 19. b4 a3 20. bxc5 Ba4 21. Rc1 Bxc2 22. Rxc2 Rb2 23. Nd4 Ra4 24. Rec1 Rc4 25. f4 Rxc5 26. h4 h5 27. Bf2 Rc4 28. g3 Ba5 29. Ne2 Rb8 30. Bd4 Kd7 31. Kf1 Ne7 32. Bf2 Rb7 33. Kg2 Kc8 34. Kf1 Kc7 35. Kg2 Kd7 36. Kf1 Ng6 37. Kg2 Ne7 38. Kf1 Nc8 39. Kg2 Kc7 40. Kf1 Bb6 41. Bxb6+ Nxb6 42. Rb1 Re4 43. Kf2 Nc4 44. Rxb7+ Kxb7 45. Nd4 Re3 46. Nb5 Rd3 47. Nd4 Rd1 48. Ke2 Rg1 49. Kf2 Rb1 50. Ke2 Kc7 51. Kf2 Kd7 52. Ke2 f6 53. exf6 gxf6 54. Nf3 e5 55. fxe5 fxe5 56. Kf2 Ke6 57. Ne1 Kf5 58. Nd3 Rh1 59. Nb4 Ke6 60. Kg2 Rb1 61. Kf2 Kd6 62. Ke2 e4 63. Kf2 d4 64. cxd4 Rxb4 65. Rc3 Kd5 66. g4 Kxd4 67. Rc1 hxg4 68. Kg3 e3 69. Kxg4 Kd3 70. h5 Kd2 71. Rh1 e2 72. h6 e1Q 73. Rxe1 Kxe1 74. h7 0-1

[Event "Belgrade-chT"]
[Site "Belgrade"]
[Date "2005.10.09"]
[Round "9"]
[White "Lecic, Predrag"]
[Black "Katanic Vujic, Petar"]
[Result "1/2-1/2"]
[WhiteElo "2118"]
[BlackElo "2298"]
[PlyCount "46"]
[EventDate "2005.10.01"]
[EventType "team-tourn"]
[EventRounds "9"]
[EventCountry "YUG"]
[SourceTitle "CBM 108 Extra"]
[Source "ChessBase"]
[SourceDate "2005.11.04"]
[SourceVersion "1"]
[SourceVersionDate "2005.11.04"]
[SourceQuality "1"]

1. Nf3 Nf6 2. g3 c5 3. Bg2 Nc6 4. c4 d5 5. cxd5 Nxd5 6. 0-0 e5 7. d3 Be7 8. Nc3 Be6 9. Nd2 0-0 10. Nxd5 Bxd5 11. Bxd5 Qxd5 12. Qb3 Qd7 13. Nf3 Nd4 14. Nxd4 exd4 15. e4 dxe3 16. Bxe3 b6 17. Rfd1 Bf6 18. a4 Rab8 19. a5 bxa5 20. Qc4 Bxb2 21. Rxa5 Bd4 22. Bxd4 cxd4 23. Rda1 Rbc8 1/2-1/2

[Event "SCG-chT Premier League"]
[Site "Belgrade"]
[Date "2004.10.03"]
[Round "9"]
[White "Katanic Vujic, Petar"]
[Black "Krstic, Petar"]
[Result "1-0"]
[WhiteElo "2302"]
[BlackElo "2182"]
[PlyCount "87"]
[EventDate "2004.09.25"]
[EventType "team"]
[EventRounds "9"]
[EventCountry "YUG"]
[SourceTitle "CBM 102 Extra"]
[Source "ChessBase"]
[SourceDate "2004.11.03"]
[SourceVersion "1"]
[SourceVersionDate "2004.11.03"]
[SourceQuality "1"]

1. Nf3 Nf6 2. c4 g6 3. b3 Bg7 4. Bb2 c5 5. g3 b6 6. Bg2 Bb7 7. 0-0 0-0 8. Nc3 d6 9. e3 Nbd7 10. d4 a6 11. Qe2 Qc7 12. Rfd1 Rac8 13. d5 Rfe8 14. Qd2 Qb8 15. a4 Rcd8 16. e4 Ng4 17. h3 Nge5 18. Ne1 f6 19. f4 Nf7 20. Nf3 Bc8 21. Re1 Kf8 22. h4 Kg8 23. g4 g5 24. e5 dxe5 25. fxg5 Nf8 26. gxf6 exf6 27. Nh2 Ne6 28. Ne4 Nf4 29. Rad1 f5 30. gxf5 Bxf5 31. Kh1 Nd6 32. Ng3 Bc8 33. Qc2 Qc7 34. Be4 Bf6 35. Rg1 Kh8 36. Rdf1 Rf8 37. Nf5 Nxf5 38. Bxf5 Bxf5 39. Qxf5 Bg7 40. Rxg7 Qxg7 41. Qxe5 Nh5 42. Rg1 Rf7 43. Qxh5 Qxb2 44. Qxf7 1-0